| 000 | 01493cam a22003735i 4500 | ||
|---|---|---|---|
| 001 | 13018 | ||
| 003 | BD-RjUL | ||
| 005 | 20211208235406.0 | ||
| 008 | 140130s2011 xxub b 001 0 eng | ||
| 020 | _a9789842001703 | ||
| 035 | _a(BD-RjUL)13068 | ||
| 040 |
_aDLC _beng _cDLC _dDLC _dBD-RjUL _erda |
||
| 041 | _aeng | ||
| 082 |
_220 _a306.4495492 _bDIB 2011 |
||
| 100 | 1 |
_aDil, Anwar S. _920034 |
|
| 245 | 1 | 0 |
_aBengali language movement and creation of Bangladesh / _cAnwar Dil and Afia Dil. |
| 250 | _aBangladesh edition. | ||
| 260 |
_aSan Diego: _bIntercultural Forum ; _aDhaka : _bAdorn Books, _cc2011. |
||
| 300 |
_a774 pages : _bill. map ; _c23 cm. |
||
| 490 | 0 |
_aContributions to Bangladesh studies ; _vvolume viii |
|
| 500 | _aPreviously published as: Bengali language movement to Bangladesh. 2000. | ||
| 504 | _aIncludes bibliographical references (pages 742-764) and index. | ||
| 650 | 0 |
_aBengali language movement. _940567 |
|
| 650 | 0 |
_aLanguage planning _zBangladesh _xHistory _y20th century. _940568 |
|
| 650 | 0 |
_aLanguage policy _zBangladesh _xHistory _y20th century. _940569 |
|
| 650 | 0 |
_aBengali language _xReform. _940570 |
|
| 651 | 0 |
_aBangladesh _xPolitics and government. _940571 |
|
| 700 | 1 |
_aDil, Afia. _940572 |
|
| 775 | 0 | 8 |
_iRevision of: _tBengali language movement to Bangladesh _dSan Diego : Intercultural Forum, 2000 _w(DLC) 00281971 |
| 942 |
_2ddc _cBK |
||
| 999 |
_c13018 _d13018 |
||